MARC

LEADER 00000nam0a2200000 4500
001 307016
005 20231102001942.0
035 |a (RuTPU)RU\TPU\book\332294 
090 |a 307016 
100 |a 20151014d1983 k y0rusy50 ca 
101 0 |a rus 
102 |a RU 
105 |a a z 001zy 
200 1 |a Гляциотектоника и конечные морены западной части Русской равнины  |e [монография]  |f Н. И. Кригер, С. А. Долодаренко, С. Г. Миронюк  |g Академия наук СССР (АН СССР) ; СССР, Государственный комитет по делам строительства (Госстрой СССР) ; Производственный и научно-исследовательский институт по инженерным изысканиям в строительстве (ПНИИИС) 
210 |a Москва  |c Наука  |d 1983 
215 |a 111 с.  |c ил. 
320 |a Библиогр.: с. 104-110 
606 1 |a Гляциотектоника  |2 stltpush  |3 (RuTPU)RU\TPU\subj\7380  |9 35054 
606 1 |a Моренные отложения  |2 stltpush  |3 (RuTPU)RU\TPU\subj\44440  |9 63764 
610 1 |a континентальные ледниковые покровы 
610 1 |a краевая зона 
610 1 |a рельеф 
610 1 |a напорные конечные морены 
610 1 |a тилл 
610 1 |a плейстоцен 
610 1 |a стратиграфия 
610 1 |a гидрогеология 
610 1 |a подземные воды 
610 1 |a распространение 
610 1 |a инженерно-геологические условия 
610 1 |a монографии 
675 |a 551.24  |v 4 
675 |a 551.332  |v 4 
700 1 |a Кригер  |b Н. И.  |g Николай Иванович 
701 1 |a Долодаренко  |b С. А.  |g Станислав Александрович 
701 1 |a Миронюк  |b С. Г.  |g Сергей Григорьевич 
712 0 2 |a Академия наук СССР (АН СССР)  |c (Ленинград/Москва)  |c (1925-1991)  |2 stltpush  |3 (RuTPU)RU\TPU\col\722 
712 0 1 |a СССР  |b Государственный комитет по делам строительства (Госстрой СССР)  |c (1950-1991)  |2 stltpush  |3 (RuTPU)RU\TPU\col\7934 
712 0 2 |a Производственный и научно-исследовательский институт по инженерным изысканиям в строительстве (ПНИИИС)  |c (Москва)  |2 stltpush  |3 (RuTPU)RU\TPU\col\7464 
801 1 |a RU  |b 63413507  |c 20151014 
801 2 |a RU  |b 63413507  |c 20190523  |g RCR 
942 |c BK